Lógicas vitales / (Registro nro. 3456)

Detalles MARC
000 -LEADER
fixed length control field 00836nam a2200229Ia 4500
003 - CONTROL NUMBER IDENTIFIER
control field OSt
005 - DATE AND TIME OF LATEST TRANSACTION
control field 20250627122924.0
008 - FIXED-LENGTH DATA ELEMENTS--GENERAL INFORMATION
fixed length control field 191128s2018 ck er 000 p spa d
020 ## - INTERNATIONAL STANDARD BOOK NUMBER
International Standard Book Number 9789584813804
040 ## - CATALOGING SOURCE
Original cataloging agency CO-JMCR
Transcribing agency CO-JMCR
041 ## - LANGUAGE CODE
Language code of text/sound track or separate title spa
082 04 - DEWEY DECIMAL CLASSIFICATION NUMBER
Classification number A-P
Item number DELl
100 1# - MAIN ENTRY--PERSONAL NAME
Personal name Delgado Micán, Fabio Andres
Relator term autor
9 (RLIN) 8770
245 10 - TITLE STATEMENT
Title Lógicas vitales /
Statement of responsibility, etc. Fabio Andrés Delgado Micán
250 ## - EDITION STATEMENT
Edition statement Primera edición
260 ## - PUBLICATION, DISTRIBUTION, ETC.
Place of publication, distribution, etc. Bogotá :
Name of publisher, distributor, etc. Babilonia,
Date of publication, distribution, etc. 2018
300 ## - PHYSICAL DESCRIPTION
Extent 74 páginas ;
Dimensions 21 cm.
500 ## - GENERAL NOTE
General note Incluye datos biográficos del autor en solapa.
520 ## - SUMMARY, ETC.
Summary, etc. Estos poemas deben ser leídos al amanecer, en medio de una plaza solitaria, en una ciudad a la que por primera vez llegamos, dormida y peligrosa, pero en un país que aún tiene deseos de sobrevivir.
650 14 - SUBJECT ADDED ENTRY--TOPICAL TERM
Topical term or geographic name entry element Poesía
9 (RLIN) 8771
942 ## - ADDED ENTRY ELEMENTS (KOHA)
Source of classification or shelving scheme Dewey Decimal Classification
Koha item type Books
Existencias
Withdrawn status Lost status Source of classification or shelving scheme Damaged status Not for loan Collection code Home library Current library Date acquired Source of acquisition Total Checkouts Full call number Barcode Date last seen Date last checked out Copy number Koha item type
    Dewey Decimal Classification     Fiction Biblioteca Pública José María del Castillo y Rada Biblioteca Pública José María del Castillo y Rada 11/28/2019 Donación 1 A-P DELl 201807308 10/07/2025 10/07/2025 Ej.1 Books